Environment /

Sábháilte in:
Sonraí bibleagrafaíochta
Príomhchruthaitheoir: Raven, Peter H. (Peter Hamilton), 1936-
Rannpháirtithe: Johnson, George B. (George Brooks), 1942-, Berg, Linda R.
Formáid: LEABHAR
Teanga:English
Foilsithe / Cruthaithe: Fort Worth : Saunders College Pub., c1998.
Eagrán:2nd ed.
Ábhair:
LEADER 01222cam a2200325 a 4500
001 c000189848
003 CARM
005 20051214112901.0
008 971231s1998 txuab b 001 0 eng
010 |a 97067174 
019 1 |a 13618018  |5 LACONCORD2021 
020 |a 003018679X 
035 |a (OCoLC)37700854  |5 LACONCORD2021 
040 |a LC  |b eng  |c LC 
050 0 0 |a GE70  |b .R38 1998 
082 0 0 |a 363.7  |2 21 
100 1 |a Raven, Peter H.  |q (Peter Hamilton),  |d 1936- 
245 1 0 |a Environment /  |c Peter H. Raven, Linda R. Berg, George B. Johnson. 
250 |a 2nd ed. 
260 |a Fort Worth :  |b Saunders College Pub.,  |c c1998. 
300 |a 579 p. :  |b col. ill., col. maps ;  |c 29 cm. +  |e 1 data sheet in pocket. 
504 |a Includes bibliographical references and index. 
650 0 |a Environmental education. 
650 0 |a Environmental policy. 
650 0 |a Conservation of natural resources. 
700 1 |a Johnson, George B.  |q (George Brooks),  |d 1942- 
700 1 |a Berg, Linda R. 
852 8 |b CARM  |h A2:AR09F0  |i D09071  |p 0266719  |f BK 
999 f f |i 9300a367-9765-52e1-9349-d4c01f27daad  |s 3e16a25d-ef6c-50ce-9b9d-13caaafb7bce 
952 f f |p Can circulate  |a CAVAL  |b CAVAL  |c CAVAL  |d CARM 1 Store  |e D09071  |f A2:AR09F0  |h Other scheme  |i book  |m 0266719